000 00810nam a2200217Ii 4500
003 JO-AjNU
008 230605s9999||||xx |||||||||||||| ||und||
017 _a1994/6/572
040 _aJO-AjNU
_bara
_erda
_cJO-AjNU
041 _aara
050 1 4 _aJQ1825.J6.T3864.1994
100 3 _a الطوالبة ، عبدالله ,
_eauthor
_941105
245 0 0 _aالمسيرة الديمقراطية الاردنية نحو الترسيخ والشمولية
250 _a(د،ط)
264 3 1 _aعمان : منشورات دائرة المطبوعات والنشر ،1994
300 _a94ص
336 _atext
_btxt
_2rdacontent
337 _aunmediated
_bn
_2rdamedia
338 _avolume
_bnc
_2rdacarrier
650 4 _aديمقراطية -- الأردن -- الأردن -- الأحوال السياسية
_941106
999 _aA17499
_c21067
_d21067